| 000 | 00000nas##2200000za#4500 |
| 001 | 9.509062 |
| 003 | CaOODSP |
| 005 | 20200325102616 |
| 007 | ta |
| 008 | 150406c1998||||xxc|| m #||||f| |0eng|d |
| 040 | |aCaOODSP|beng |
| 041 | |aeng |
| 041 | |afre |
| 043 | |an-cn--- |
| 086 | 1 |aC21-27/1 |
| 110 | 1 |aCanada. |bIndustry Canada. |
| 245 | 10|aCanada in the XXIst century. I, Scene setting |
| 260 | |aOttawa - Ontario : |bIndustry Canada |
| 500 | |aCanadian cataloguing in publication data printed in these publications. "To examine fully the medium to longer-term opportunities and challenges of these developments, the Micro-Economic Policy Analysis Branch of Industry Canada asked a group of experts to provide their "vision" for Canada in the 21st Century on a number of important issues... first, to identify major historical trends and develop scenarios to illustrate how developments in his/her respective area might unfold over the next ten to fifteen year; and second, to examine the medium-term consequences of these developments for the Canadian economy."--Page i. |
| 546 | |aBilingual |
| 563 | |aSoftcover |
| 776 | 0#|tLe Canada au 21e siècle. I, Mise en situation |w(CaOODSP)9.502916 |
| 776 | 0#|tCanada in the 21st century. I, Scene setting |w(CaOODSP)9.506521 |
| 792 | |tLe Canada au XXIe siècle. I, Mise en situation |efre|w(CaOODSP)9.509063 |